Автотракторные фильтры для очистки горючего и масел (Запис номер 412966)
[ съкратено ]
| 000 -Лидер | |
|---|---|
| Контролно поле с фиксирана дължина | nam a22 a 4500 |
| 003 - Код на организацията, давaща контролен номер | |
| Контролно поле | BLK |
| 005 - Дата и час на последна редакция | |
| Контролно поле | 20210507160609.0 |
| 008 - Елементи от данни с фиксирана дължина | |
| fixed length control field | 180408b bul|||||r ||||||| ||bul|| |
| 040 ## - Източник на каталожния запис | |
| Идентификатор на билиотеката - собственик на записа | BLK |
| 041 ## - Код за език | |
| Код за езика на текст/звукозапис или на отделно заглавие | Руски |
| Код за езика КДБФ | Руски |
| 080 ## - УДК | |
| Текстов определител УДК | Трактори. Влекачи |
| УДК код - определител по УДК | 629.114.2 |
| УДК определител | (035) |
| УДК - код + определител | 629.114.2(035) |
| 100 ## - Редна дума - Автор | |
| Автор | Глыбин, Андрей Иванович |
| Авторска отговорност | първи автор |
| R(LIN) | 452365 |
| 139 ## - Редно поле | |
| Редна дума | Глыбин, Андрей Иванович |
| 245 10 - Сведения за заглавието | |
| Заглавие | Автотракторные фильтры для очистки горючего и масел |
| Редно поле (дума) | А. И. Глыбин |
| Форма, вид, жанр | |
| 260 ## - Област на издателските данни | |
| Място на издаване, разпространение и проч. | Москва ; Ленинград |
| Име на издателя, разпространителя и проч. | Машгиз |
| Година на издаване | 1955 |
| 9 (RLIN) | 212459 |
| 300 ## - Физическа характеристика | |
| Страници | 92 с. |
| Размери/Мащаб | 20 см |
| 380 ## - Жанр | |
| Жанр | Техника |
| 650 #0 - Допълнително описание по предмет – тема | |
| 9 (RLIN) | 273267 |
| Основно описание – тема или топоним | Трактори - горива и смазки |
| 653 #7 - Ключова дума – ненормативна | |
| 9 (RLIN) | 199342 |
| Ключова дума | филтри |
| 653 #7 - Ключова дума – ненормативна | |
| 9 (RLIN) | 196841 |
| Ключова дума | смазочни материали |
| 852 ## - Местоположение | |
| Форматна сигнатура | Цб 6.220.46160 |
| Фондова буква | Хранилище |
| 999 ## - СИСТЕМНИ КОНТРОЛНИ НОМЕРА | |
| Koha biblionumber | 412966 |
| Koha biblioitemnumber | 412966 |
| 942 ## - АРТИКУЛИ | |
| Вид на библиотечния материал | Книги |
| Скрит в OPAC | Не |
| Периодичен библиозапис | Да |
| 944 ## - СЪЗДАВАНЕ И РЕДАКЦИЯ на ЗАПИСА | |
| Създаване/Редакция | Създаване |
| Дата на регистрацията/редакция | 2021-05-07 |
| Служител, извършил регистрацията/редакцията | ГГГ |
| Код за отписване | Код за изгубен артикул | Източник на класификационната схема | Код за повреда | Коз за рестрикции | Код за отдаване | Артикулен № | Име на библиотеката - собственик | Име на библиотеката, в която се намира в момента | Статус (Текущо местоположение) | Дата на вписване в системата | Местоположение - отдел | Цена в лева | Инвентарен номер | Систематично азбучна сигнатура | Баркод | Цена в евро | Служебен тип на артикула |
|---|---|---|---|---|---|---|---|---|---|---|---|---|---|---|---|---|---|
| Не е изгубен | Universal Decimal Classification | Не е повреден | само за читалня | ползва се в читалня | 828707 | Регионална библиотека "Любен Каравелов" Русе | Регионална библиотека "Любен Каравелов" Русе | Хранилище | 2021-05-10 | Основен фонд - ползва се само за читалня | 0.25 | 6619/55 | Цб 6.220.46160 | 900000059901 | 0.13 | Книги |